Top 50 Men's Tennis Players 2019 - Statistics

General Stats
  • This quiz has been taken 93 times
  • The average score is 26 of 50
Answer Stats
Rank Tennis Player % Correct
#2 Rafael Nadal
100%
#3 Roger Federer
100%
#1 Novak Djokovic
99%
#6 Alexander Zverev
91%
#5 Dominic Thiem
87%
#4 Daniil Medvedev
83%
#20 Stanislas Wawrinka
79%
#7 Stefano Tsitsipas
76%
#17 John Isner
73%
#28 Nick Kyrgios
73%
#35 Jo-Wilfried Tsonga
72%
#8 Kei Nishikori
69%
#25 Marin Cilic
68%
#30 Milos Raonic
68%
#27 Grigor Dimitrov
67%
#11 Gael Monfils
65%
#10 Roberto Bautista Agut
65%
#12 Fabio Fognini
64%
#33 Andrey Rublev
62%
#36 Denis Shapovalov
62%
#37 Pablo Carreno Busta
60%
#13 Matteo Berrettini
59%
#9 Karen Khachanov
58%
#24 Alex De Minaur
56%
#19 Felix Auger-Aliassime
56%
#14 David Goffin
55%
#16 Diego Schwartzman
55%
#18 Kevin Anderson
54%
#49 Gilles Simon
44%
#29 Taylor Fritz
44%
#15 Borna Coric
40%
#23 Benoit Paire
37%
#43 Daniel Evans
37%
#31 Dusan Lajovic
37%
#42 Kyle Edmund
36%
#45 Sam Querrey
36%
#22 Lucas Pouille
35%
#41 Fernando Verdasco
33%
#34 Hubert Hurkacz
33%
#40 Reilly Opelka
29%
#26 Nikoloz Basilashvili
28%
#46 Albert Ramos-Vinolas
26%
#32 Christian Garin
26%
#39 Laslo Djere
22%
#50 Miomir Kecmanovic
22%
#44 Adrian Mannarino
21%
#38 Jan-Lennard Struff
21%
#21 Guido Pella
18%
#48 Pablo Cuevas
17%
#47 Radu Albot
17%
No matching quizzes found
Score Distribution
Percent of People with Each Score
Percentile by Number Answered
Your Score History
You have not taken this quiz